000 00216 a2200097 4500
001 3976
100 _aSchwartz,J.T
245 _aIntroduction to matrices & vectors
260 _a
_bMcgrawhill
_c
090 _c3205
_d3205
942 _aNUST-CAE
_cM
_c24503
999 _c239049
_d239049